000 00768nam a2200241Ia 4500
003 OSt
005 20221005133657.0
006 a|||||r|||| 00| 0
007 ta
008 221004b |||||||| |||| 00| 0 pan d
024 _a4798
037 _bGift, 27/06/2013,
_cTextual
040 _aCRL
_cCRL
_bpan
041 _2pan
_apan
082 _aO153,6NAHx, Q2
100 _aਆਹਲੂਵਾਲੀਆ, ਗੁਰਮੋਹਨ ਸਿੰਘ
245 0 _aਉੱਡ ਚਲਿਏ ਪ੍ਰਦੇਸ
260 _c2012
300 _a172ਪੰ
_ccm.
650 _aਪੰਜਾਬੀ ਸਾਹਿਤ
942 _hO153,6NAHx, Q2
_cTEXL
_2cc
999 _c1067517
_d1067517